000 00933nam a22002297a 4500
999 _c13782
_d13782
008 190410b ||||| |||| 00| 0 eng d
020 _a9781118420652
082 _22014
_aAV-Eb 371.9
_bM395
100 _a Mascolo, Jennifer T.
_938295
245 _aEssentials of planning, selecting, and tailoring interventions for unique learners /
_cJennifer T. Mascolo, Dawn P. Flanagan, and Vincent C. Alfonso.
260 _bJohn Wiley & Sons, Incorporated
_c©2014.
300 _a498 pages;
440 _aEssentials of Psychological Assessment Ser.
_938296
500 _aIncludes index.
650 _aRemedial teaching.
_938297
650 _aSpecial education.
_938298
650 _aStudents with disabilities -- Education.
_938299
700 _aFlanagan,Dawn P.
_938300
700 _aAlfonso, Vincent C.
_938301
856 _yhttps://ebookcentral.proquest.com/lib/uniofmindanao-ebooks/detail.action?docID=1641068
942 _2ddc
_cEB